000
00235 a2200097 4500
001
30452
100
_a
Wilkins, D A
245
_a
2nd language learning and teaching
260
_a
London
_b
The English Language
_c
090
_c
20396
_d
20396
942
_a
NUST-CAE
_c
M
_c
11554
999
_c
265525
_d
265525